Szczegóły MARC21

No wealth but life : welfare economics and the welfare state in Britain, 1880-1945 /

003 -Nazwa inst., której nr kontr. jest w polu 001 [,]
    • @
    • Nazwa instytucji, której n kontrolny jest w polu 001
    • NUKAT
005 -DATA I CZAS OSTATNIEJ MODYFIKACJI [,]
    • @
    • pole kontrolne
    • 20241231094422.0
020 -Międzynarod. znormalizowany nr książki - ISBN [ , ]
    • a
    • Numer ISBN
    • 9780521197861 Find
    • q
    • Dopowiedzenie
    • hardback
040 -Instytucja sporządzająca opis [ , ]
    • a
    • Instytucja, która sporządziła opis (NP)
    • SZCZ U/JS
    • c
    • Instytucja, która sporządziła rekord (NP)
    • SZCZ U/JS
    • d
    • Instytucja, która zmodyfikowała rekord (P)
    • SZCZ U/MSZ
    • d
    • Instytucja, która zmodyfikowała rekord (P)
    • SZCZ U/KP
942 -Rodzaj dokumentu [ , ]
    • c
    • Rodzaj dokumentu
    • Książka
245 -Strefa tytułu i oznaczenia odpowiedzialności [0,0]
    • a
    • Tytuł
    • No wealth but life : Find
    • b
    • Ciąg dalszy tytułu (NP)
    • welfare economics and the welfare state in Britain, 1880-1945 / Find
    • c
    • Pozostałe elementy strefy tytułu i oznaczenia odpowiedzialności (NP)
    • ed. by Roger E. Backhouse, Tamotsu Nishizawa.
260 -Strefa adresu wydawniczego [ , ]
    • a
    • Miejsce wydania (P)
    • New York :
    • b
    • Nazwa wydawcy (P)
    • Cambridge University Press,
    • c
    • Data wydania (P)
    • 2010.
300 -Strefa opisu fizycznego [ , ]
    • a
    • Określenie formy książki i/lub objętość (NP)
    • XI, 244 s. ;
    • c
    • Format (NP)
    • 24 cm.
336 -Typ zawartości [ , ]
    • a
    • Termin opisujący typ zawartości
    • Tekst
    • b
    • Kod określający zawartość
    • txt
    • 2
    • Źródło (terminu i kodu)
    • rdacontent
337 -Typ mediów [ , ]
    • a
    • Tryb odtwarzania
    • Bez urządzenia pośredniczącego
    • b
    • Kod typu mediów
    • n
    • 2
    • Źródło (terminu i kodu)
    • rdamedia
338 -Typ/rodzaj nośnika [ , ]
    • a
    • Hasło opisujące typ nośnika
    • Wolumin
    • b
    • Kod typu nośnika
    • nc
    • 2
    • Źródło (terminu i kodu)
    • rdacarrier
504 -Uwaga dot. bibliogr. załącznikowej [ , ]
    • a
    • Uwaga dot. bibliografii załącznikowej
    • Bibliogr. przy rozdz. Indeks.
080 -Uniwersalna Klasyfikacja Dziesiętna [ , ]
    • 2
    • Identyfikator wydania tablic
    • UDC-P058
    • 9
    • UKD
    • 2950
    • a
    • Symbol klasyfikacji
    • 330.162
    • b
    • Dopowiedzenie
    • Etyka gospodarcza. Etyka biznesu.
    • 4
    • UKD2
    • 8167
    • x
    • Poddział wspólny
    • (410)
    • c
    • Dopowiedzenie poddz. wspólnego
    • (Zjednoczone Królestwo Wielkiej Brytanii i Irlandii Północnej).
    • 4
    • UKD2
    • 8241
    • x
    • Poddział wspólny
    • "18/19"
    • c
    • Dopowiedzenie poddz. wspólnego
    • Wiek XIX/XX.
    • 4
    • UKD2
    • 7644
    • x
    • Poddział wspólny
    • =111
    • c
    • Dopowiedzenie poddz. wspólnego
    • =Język angielski.
080 -Uniwersalna Klasyfikacja Dziesiętna [ , ]
    • 2
    • Identyfikator wydania tablic
    • UDC-P058
    • 9
    • UKD
    • 2710
    • a
    • Symbol klasyfikacji
    • 304
    • b
    • Dopowiedzenie
    • Ogólne zagadnienia społeczne. Polityka społeczna.
    • 4
    • UKD2
    • 8167
    • x
    • Poddział wspólny
    • (410)
    • c
    • Dopowiedzenie poddz. wspólnego
    • (Zjednoczone Królestwo Wielkiej Brytanii i Irlandii Północnej).
    • 4
    • UKD2
    • 8241
    • x
    • Poddział wspólny
    • "18/19"
    • c
    • Dopowiedzenie poddz. wspólnego
    • Wiek XIX/XX.
    • 4
    • UKD2
    • 7644
    • x
    • Poddział wspólny
    • =111
    • c
    • Dopowiedzenie poddz. wspólnego
    • =Język angielski.
980 -Symbol UKD [ , ]
    • a
    • UKD
    • 304:330.162](410)"18/19"=111
700 -Hasło dodatkowe - nazwa osobowa [1, ]
    • a
    • Nazwa osobowa (NP)
    • Nishizawa, Tamotsu Find
    • d
    • Daty biograficzne (NP)
    • (1950- ).
    • e
    • Określenie rodzaju współpracy
    • Red.
    • 9
    • KHW
    • 81126
700 -Hasło dodatkowe - nazwa osobowa [1, ]
    • a
    • Nazwa osobowa (NP)
    • Backhouse, Roger E. Find
    • d
    • Daty biograficzne (NP)
    • (1951- ).
    • e
    • Określenie rodzaju współpracy
    • Red.
    • 9
    • KHW
    • 77221
710 -Hasło dodatkowe - nazwa ciała zbiorowego [2, ]
    • a
    • Nazwa ciała zbiorowego lub nazwa geograficzna jako pierwszy element (NP)
    • Cambridge University Press.
    • 4
    • Kod relacji
    • pbl
    • 9
    • KHW
    • 615085
920 -ISBN [ , ]
    • a
    • ISBN
    • 978-0-521-19786-1 Find
    • q
    • Dopowiedzenie
    • hardback
Data inwentaryzacji Lokalizacja Status udost. Numer inwentarzowy Sygnatura
2014-05-06T-2T.16689T.16689